Statistics for ESPNcricinfo's Team of the 2016 Cricket World T20

Click here to take the quiz!

General Stats

  • This quiz has been taken 88 times
    (82 since last reset)
  • The average score is 7 of 11

Answer Stats

bat postypecountryplayer% Correct
4bat/spinEnglandJoe Root
84%
3bat/spinIndiaVirat Kohli
84%
7fast; 6666West IndiesCarlos Brathwaite
72%
2batNew ZealandKane Williamson
72%
8spinNew ZealandMitchell Santner
65%
5batEnglandJos Buttler
62%
6bat/fastWest IndiesAndre Russell
54%
1wkAfghanistanMohammad Shahzad
54%
10fastBangladeshMustafizur Rahman
50%
9spinWest IndiesSamuel Badree
50%
11fastIndiaAshish Nehra
43%

Score Distribution

Percentile by Number Answered

Percent of People with Each Score

Your Score History

You have not taken this quiz since the last reset